Potter, Jackson, Everdeen, Prior Quiz Stats

 Plays Quiz not verified by Sporcle

Score 0/20 Timer 10:00
0 Plays Today
Quote Character % Correct
'I don't know how to make people like me.'???
68.2%
'Well, I already know what happened to my face. I was there. Sort of.'???
63.6%
'Well I...I barely know you. I barely know you and I'm crammed up against you in a box.'???
59.1%
“I'm going to keep going until I succeed — or die. Don't think I don't know how this might end. I've known it for years.”???
56.8%
'I've worked that much out for myself, funnily enough.'???
50%
'It's what you deserve to hear. That you're whole, that you're worth loving, that you're the best person I've ever known.'???
50%
'Don't feel bad. I'm usually about to die.'???
47.7%
'You never take sugar in your tea. And you always double-knot your shoelaces.'???
47.7%
'It's been like...like something out of someone else's life these last few weeks with you. But I can't...we can't...I've got to do things alone now.'???
45.5%
'Don't I get a kiss for luck? It's kind of a tradition, right?'???
43.2%
Quote Character % Correct
'You shoot me and go home and live with it!'???
43.2%
'Remember what a target is?'???
43.2%
You don't have to tell me everything right away, but I have to tell you everything right away? Can't you see how stupid that is?'???
43.2%
“Remind me again-why do you hate me so much?'???
38.6%
'Probably that you're going to be eaten by a giant marshmallow or something.'???
36.4%
'We're staying together. You're not getting away from me. Never again.'???
36.4%
'I declare this is stupid.'???
36.4%
'Stay with me.'???
36.4%
'I don't care! I've had enough, I've seen enough, I want out, I want it to end, I don't care anymore!'???
31.8%
'Soon. Today. It will be recorded for future generations.'???
31.8%

You're not logged in!

Compare scores with friends on all Sporcle quizzes.
OR
Log In

You Might Also Like...

Show Comments

Extras

Top Quizzes Today


Score Distribution

Your Account Isn't Verified!

In order to create a playlist on Sporcle, you need to verify the email address you used during registration. Go to your Sporcle Settings to finish the process.

Report this User

Report this user for behavior that violates our Community Guidelines.

Details: